L'Amérique latine embrasée : Deux siècles de révolutions et de contre-révolutions (notice n° 1568508)

détails MARC
000 -LEADER
fixed length control field 01621cam a2200145 4500500
005 - DATE AND TIME OF LATEST TRANSACTION
control field 20251214004407.0
041 ## - LANGUAGE CODE
Language code of text/sound track or separate title fre
042 ## - AUTHENTICATION CODE
Authentication code dc
100 10 - MAIN ENTRY--PERSONAL NAME
Personal name Thibaud, Clément
Relator term author
245 00 - TITLE STATEMENT
Title L'Amérique latine embrasée : Deux siècles de révolutions et de contre-révolutions
260 ## - PUBLICATION, DISTRIBUTION, ETC.
Name of publisher, distributor, etc. Armand Colin,<br/>
Date of publication, distribution, etc. 2023.<br/>
520 ## - SUMMARY, ETC.
Summary, etc. Depuis la Révolution cubaine ou encore les dictatures des années 1960-1980, et jusqu’à nos jours, les pays de l’Amérique latine n’ont cessé d’être au centre de l’actualité et du débat politique. Cet ouvrage ambitieux et synthétique offre les clés historiques pour comprendre l’actualité convulsée du sous-continent en identifiant les jalons les plus importants de son histoire contemporaine et en mettant en lumière les expériences politiques et les mouvements sociaux qui l’agitent depuis deux siècles. La dimension essentielle des révolutions et des contre-révolutions permet d’explorer une histoire passionnante et complexe, en s'attachant aux acteurs individuels et collectifs, à leurs motivations et à leurs idées, mais aussi à l’imprévisibilité de leurs actions. En parallèle, on inscrit les événements dans une plus longue durée, en interrogeant les réactions qu’ils ont suscitées, mais aussi leur mémoire. Cette réflexion, en outre, joue sur plusieurs échelles d’analyse  : locale, nationale, régionale et même, globale, comme pour la révolution cubaine.
700 10 - ADDED ENTRY--PERSONAL NAME
Personal name Palieraki, Eugénia
Relator term author
856 41 - ELECTRONIC LOCATION AND ACCESS
Uniform Resource Identifier <a href="https://shs.cairn.info/l-amerique-latine-embrasee--9782200630393?lang=fr&redirect-ssocas=7080">https://shs.cairn.info/l-amerique-latine-embrasee--9782200630393?lang=fr&redirect-ssocas=7080</a>

Pas d'exemplaire disponible.

PLUDOC

PLUDOC est la plateforme unique et centralisée de gestion des bibliothèques physiques et numériques de Guinée administré par le CEDUST. Elle est la plus grande base de données de ressources documentaires pour les Étudiants, Enseignants chercheurs et Chercheurs de Guinée.

Adresse

627 919 101/664 919 101

25 boulevard du commerce
Kaloum, Conakry, Guinée

Réseaux sociaux

Powered by Netsen Group @ 2025